书目信息 |
| 题名: |
英语语法的奥秘
|
|
| 作者: | 王全义 编著 | |
| 分册: | ||
| 出版信息: | 北京 中国国际广播出版社 2002.07 |
|
| 页数: | 386页 | |
| 开本: | 21cm | |
| 丛书名: | ||
| 单 册: | ||
| 中图分类: | H314 | |
| 科图分类: | ||
| 主题词: | 英语--ying yu--语法 | |
| 电子资源: | ||
| ISBN: | 7-5078-2131-5 | |
| 000 | 00714nam0 2200241 450 | |
| 001 | CAL 012002193058 | |
| 005 | 20060605161820.18 | |
| 010 | @a7-5078-2131-5@dCNY 18.00 | |
| 099 | @aCAL 012002193058 | |
| 100 | @a20021009d2002 em y0chiy0191 ea | |
| 101 | 0 | @achi@aeng |
| 102 | @aCN@b110000 | |
| 200 | 1 | @a英语语法的奥秘@Aying yu yu fa de ao mi@d= Secrets of English grammar@f王全义编著@zeng |
| 210 | @a北京@c中国国际广播出版社@d2002.07 | |
| 215 | @a386页@d21cm | |
| 320 | @a有索引。 | |
| 510 | 1 | @aSecrets of English grammar@zeng |
| 606 | 0 | @a英语@Aying yu@x语法 |
| 690 | @aH314@v4 | |
| 701 | 0 | @a王全义@Awang quan yi@4编著 |
| 801 | 0 | @aCN@bBUPT@c20060605 |
| 905 | @dH314@eW318 | |
| 906 | @dCNY 18.00@n3@r1 | |
| 英语语法的奥秘= Secrets of English grammar/王全义编著.-北京:中国国际广播出版社,2002.07 |
| 386页;21cm |
| ISBN 7-5078-2131-5:CNY 18.00 |
| ● |
| 相关链接 |
|
|
|
正题名:英语语法的奥秘
索取号:H314/W318
 
预约/预借
| 序号 | 登录号 | 条形码 | 馆藏地/架位号 | 状态 | 备注 |
| 1 | 606858 | 206068583 | 语言库209/209语言库 35排1列6层/ [索取号:H314/W318] | 在馆 | |
| 2 | 606859 | 206068592 | 语言库209/209语言库 35排1列6层/ [索取号:H314/W318] | 在馆 | |
| 3 | 606860 | 206068609 | 语言库209/209语言库 35排1列6层/ [索取号:H314/W318] | 在馆 | |
| 4 | 606861 | 206068618 | 语言库209/209语言库 35排1列6层/ [索取号:H314/W318] | 在馆 |